棋灵王. 15 (Record no. 69681)

000 -LEADER
fixed length control field 00539nam a22001817a 4500
003 - CONTROL NUMBER IDENTIFIER
control field MPLRDC
005 - DATE AND TIME OF LATEST TRANSACTION
control field 20220105061146.0
008 - FIXED-LENGTH DATA ELEMENTS--GENERAL INFORMATION
fixed length control field 210129b ||||| |||| 00| 0 eng d
020 ## - INTERNATIONAL STANDARD BOOK NUMBER
International Standard Book Number 9789609069915
082 ## - DEWEY DECIMAL CLASSIFICATION NUMBER
Classification number 947.418 KTYM v.15
100 ## - MAIN ENTRY--PERSONAL NAME
Personal name 堀田由美 原作
245 ## - TITLE STATEMENT
Title 棋灵王. 15
Statement of responsibility, etc. 小畑健 漫画; 梅泽由香里二段(日本棋院) 监修
260 ## - PUBLICATION, DISTRIBUTION, ETC.
Place of publication, distribution, etc. 台湾
Name of publisher, distributor, etc. 天下出版社
Date of publication, distribution, etc.
300 ## - PHYSICAL DESCRIPTION
Other physical details
520 ## - SUMMARY, ETC.
Summary, etc. 上架 2018-06-29。
650 ## - SUBJECT ADDED ENTRY--TOPICAL TERM
Topical term or geographic name entry element 漫画--长篇连环(15册以上)
942 ## - ADDED ENTRY ELEMENTS (KOHA)
Koha item type Book
-- 947.418 KTYM v.15

No items available.

© 2022. Malaysian Public Library, Research and Development Centre. All Right ReservedE-mailmplrdc@help.edu.my 

Powered by Koha